000 01036cam a22003257a 4500
003 CHAP
005 20220329140508.0
008 971013s1952 r 00010 d
010 _a52822
011 _a53794
035 _a57944
040 _cCHAP
090 _aTesis
100 0 0 _aSánchez Mejorada V., Norberto.
_9107697
245 1 4 _aLos datos de campo del inventario nacional forestal
260 _aChapingo, Méx. :
_bEl autor,
_c1952
300 _a99 p.
_b: ilus.
502 _aTesis (Ing. Agr. Esp. en Bosques) -- ENA
590 _aALEPH
_b10
_c20130110
_lUCH01
_h1330
590 _aBATCH-UPD
_b10
_c20130110
_lUCH01
_h2149
590 _aBATCH-UPD
_b10
_c20130410
_lUCH01
_h1457
590 _aBATCH-UPD
_b10
_c20130914
_lUCH01
_h0715
590 _aCONVERSION
_b10
_c20130109
_lUCH01
_h1329
650 1 4 _aBosques
_xInventarios
_xMéxico.
_914258
901 _aBK
942 _cFOLL
949 _bBC
_cTES
_d-125857
_eTS1
_i57944
_si
949 _bBC
_cTES
_d-125858
_eTS2
_fc.2
_i57944
_si
949 _bBC
_cTES
_d-125859
_eTS2
_fc.3
_i57944
_si
999 _c52822
_d52822